000 00584nam a2200217 i 4500
001 C2-0229689
003 PPAK
005 20180728160343.0
008 001011s1988 io |||| ||||| | may d
040 _aPPAK
_beng
_cPPAK
_erda
082 0 4 _a303.482
_223
090 0 0 _a303.482
_bSEM
_dKAH
245 0 0 _aSeminar temu budaya Nusantara
264 1 _aAceh, Indonesia :
_bPekan Kebudayaan Aceh ,
_c1988
300 _aJil. ;
_c30 cm
336 _2rdacontent
_atext
337 _2rdamedia
_aunmediated
338 _2rdacarrier
_avolume
650 1 0 _aCultural relations
942 _ddc
_cB
999 _c149245
_d149245